Normal view
MARC view
Entry Geographic Name
001 - CONTROL NUMBER
- control field: 27615
003 - CONTROL NUMBER IDENTIFIER
- control field: ARRUPE
005 - DATE AND TIME OF LATEST TRANSACTION
- control field: 20161128122741.0
008 - FIXED-LENGTH DATA ELEMENTS
- fixed length control field: 161128|| aca||aabn | a|a d
040 ## - CATALOGING SOURCE
- Original cataloging agency: ARRUPE
- Transcribing agency: ARRUPE
151 ## - HEADING--GEOGRAPHIC NAME
- Geographic name: Africa, Southern
- General subdivision: Literature
- General subdivision: History and criticism.
670 ## - SOURCE DATA FOUND
- Source citation: Work cat.: (ARRUPE)0: Bhebe, Ngwabi 16865, Oral tradition in Southern Africa /, c2002.